000 00326nam a2200133Ia 4500
008 200103s9999||||xx |||||||||||||| ||und||
040 _aIMU-MPC
082 _aColumn-49
100 _aScroggie, M. G.
245 0 _aPrinciples of Semiconductors
260 _bIliffe Books Ltd., London
_c1961
300 _aviii, 156
942 _cBK
999 _c9665
_d9665